000 01275nam a2200241Ii 4500
003 JO-AjNU
005 20240630101841.0
008 230605s9999||||xx |||||||||||||| ||und||
040 _aJO-AjNU
_bara
_erda
_cJO-AjNU
041 _aara
050 1 4 _aQA11 2017
100 1 _aالصمادي، عبير محمد علي
_eمعد
_965919
245 0 0 _aدراسة تحليلية لمهارات النفكير الرياضي في كتاب الرياضيات المدرسي للصف السابع الاساسي في الاردن=Analytical Study of Mathematical Thinking Skills in Mathematics Textbook for the seven Grade in Jordan /
_cاعداد عبير محمد علي الصمادي؛ اشراف خميس موسى نجم
264 3 1 _a2017
300 _a67 ورقة
336 _atext
_btxt
_2rdacontent
337 _aunmediated
_bn
_2rdamedia
338 _avolume
_bnc
_2rdacarrier
500 _aرسالة جامعية( ماجستير في مناهج الرياضيات واساليب التدريس)--جامعة ال البيت، كلية العلوم التربوية(المفرق)، 2017، يشتمل على جداول توضيحية
650 4 _aالرياضيات - تعليم
_957594
700 1 _aنجمم، خميس موسى
_965894
_eمشرف
942 _2lcc
_cTHS
999 _c29387
_d29387